• 首页
  • 本馆介绍
  • 公告通知
  • 最新文献
  • 馆藏检索
  • 电子资源
  • 读者导购
  • 参考咨询
  • 我的图书馆
  • 登录
  • 详细信息显示
  • 放入我的书架
  • 预约/预借图书
  • 作者相关作品
  • 分类相关作品
  • 丛书相关作品
  • 出版社相关作品

书目信息

  • 表格格式
  • 工作单格式
  • 卡片格式
题名:
K线图投资技巧详解
    
 
作者: 侯本慧 , 郭小洲 编著
分册:  
出版信息: 杭州   浙江大学出版社  1996
页数: 274页
开本: 20cm
丛书名:
单 册:
中图分类: F830.59
科图分类:
主题词: 投资--分析方法
电子资源:
ISBN: 7-308-01660-9
000 00625nam0 2200217 45
001 0198007720
005 20070726094242.75
010    @a7-308-01660-9@dCNY25.00
100    @a19980205d1996 em y0chiy0121 ea
101 0  @achi
102    @aCN@b330000
105    @ay z 000yy
200 10 @aK线图投资技巧详解@AK xian tu tou zi ji qiao xiang jie@f侯本慧,郭小洲编著
210    @a杭州@c浙江大学出版社@d1996
215    @a274页@d20cm
606    @a投资@x分析方法
690    @aF830.59@v3
701  0 @a侯本慧@Ahou ben hui@4编著
701  0 @a郭小洲@Aguo xiao zhou@4编著
801  0 @aCN@bTSSF@c20070726
905    @a10447@dF830.59@e118
    
    K线图投资技巧详解/侯本慧,郭小洲编著.-杭州:浙江大学出版社,1996
    274页;20cm
    
    
    ISBN 7-308-01660-9:CNY25.00
    
●
相关链接 在E读中查询图书 在五车中查询图书 在当当中查询图书 在豆瓣中查询图书


正题名:K线图投资技巧详解     索取号:F830.59/118         预约/预借

序号 登录号 条形码 馆藏地/架位号 状态 备注
1 0769290   207692905   第一样本阅览室/ [索取号:F830.59/118] 在馆    
唐山师范学院图书馆 欢迎您!
大连网信软件有限公司© 版权所有